000 00976nas a2200265 4500
001 BR8702022
003 BR-BrBNA
005 20231205090635.0
007 ta
008 230509b bl.|||p| |||| 00| 00por d
040 _aBR-BrBNA
_bpor
_cBiblioteca Nacional de Agricultura
041 _a(Pt)
072 _aH10
100 1 _aPeres Filho, O.
100 1 _aBerti Filho, E.
245 1 _aBiologia de Glena unipennaria unipennaria (Guenee, 1857)(Lepidoptera, Geometridae)em folhas de Eucalyptus grandis (Hill)Maiden [eucalipto]
246 1 _aBiology of Glena unipennaria unipennaria (Guenee, 1857)(Lepidoptera, Geometridae)on leaves of Eucalyptus grandis (Hill)Maiden
650 _aEUCALIPTO
650 _aLEPIDOPTERO
650 _aBIOLOGIA
650 _aFOLHA
773 0 _tAnais da Escola Superior de Agricultura Luiz de Queiroz (Brazil)
_xISSN 0071-1276
_g(1985), v. 42(1) p. 271-287
_wBR8702022
909 _a202311
_bLúcia
_c55
_dLúcia Elande
942 _2AGRIS
_n0
_cANA
999 _c119963
_d119963